000 00348nam a2200145Ia 4500
008 240624s9999 xx 000 0 und d
041 _aeng
082 _a005.74 HAN
100 _aHANSEN GARY W
245 _aDATABASE MANAGEMENT AND DESIGN
250 _a(2nd ed.)
260 _c2004
_aNew Delhi
_bPrentice-Hall
300 _axxvi, : 582
365 _cRS
999 _c419
_d419